000
00203 a2200097 4500
001
48046
100
_a
Abdul Hamid
245
_a
Toosha-i-Ak hirat
260
_a
Karachi
_b
PECHS
_c
090
_c
31032
_d
31032
942
_a
NUST-CAE
_c
M
_c
23373
999
_c
283119
_d
283119